=LDR 00000nam 2200000 4500 =001 INLIS000000000024207 =005 20130612122816 =008 ***********************************Ind** =035 ##$$0010-061300000024207 =041 ##$$a Ind =082 ##$$a 2X9.7 =090 ##$$a 2X9.7, Uqa m =100 ##$$a Al-Uqail, Al-Mustasyar Abdullah =245 ##$$a Mereka yang telah pergi, Tokoh-tokoh pembangunan pergerakan Islam Kontemporer, Al-Mustasyar Abdullah al-Uqail; penerjemah Khozin Abu Faqih =260 ##$$a 2003 $b Jakarta =300 ##$$a xv, 676 hlm, 24 cm =650 ##$$a Biografi =850 ##$$a NBPNMAT =990 ##$$a 0001/BPAP-NTB/2016